|
|
|
|
| LEADER |
00000nam a2200000 a 4500 |
| 001 |
vtls001490427 |
| 003 |
SK-MaSNL |
| 005 |
20260302073804.0 |
| 008 |
240314s2004 xo a g f 000 0 slo |
| 015 |
|
|
|a SNBE2006/04-01177
|
| 040 |
|
|
|a SNK
|b slo
|c SNK
|e AACR2
|
| 041 |
0 |
|
|a slo
|
| 043 |
|
|
|a e-xo---
|
| 044 |
|
|
|a xo
|c SK
|
| 072 |
|
7 |
|a 628
|x Zdravotná technika. Úprava vody. Odpadové hospodárstvo. Svetelná technika
|2 konspekt
|
| 080 |
|
|
|a 628.3/.5
|2 MDT-MRF
|
| 080 |
|
|
|a 628.4
|2 MDT-MRF
|
| 080 |
|
|
|a 628.463
|2 MDT-MRF
|
| 080 |
|
|
|a (437.67)
|2 MDT-MRF
|
| 080 |
|
|
|a (036)
|2 MDT-MRF
|
| 100 |
1 |
|
|a Kárpáty, Peter
|4 aut
|9 646517
|
| 245 |
1 |
0 |
|a EkoSvidník
|b triedenie a zber komunálneho odpadu
|c [text: Peter Kárpáty, Vladimír Popik, Ľuboš Čepan]
|
| 250 |
|
|
|a [1. vyd.]
|
| 260 |
|
|
|a Svdiník
|b Združenie Región Karpaty - Karpatský euroregión Slovensko
|c 2004
|
| 300 |
|
|
|a [4] s.
|b ilustr.
|c 21 cm
|
| 500 |
|
|
|a Názov z obalu
|
| 650 |
0 |
7 |
|a odpadové hospodárstvo
|2 SNKPH
|9 3603
|
| 650 |
0 |
7 |
|a komunálny odpad
|2 SNKPH
|9 3934
|
| 650 |
0 |
7 |
|a recyklácia odpadu
|2 SNKPH
|9 29450
|
| 651 |
|
7 |
|a Svidník (Slovensko)
|2 SNKPH
|9 28309
|
| 655 |
|
7 |
|a informačné publikácie
|2 SNKPH
|9 70181
|
| 700 |
1 |
|
|a Popik, Vladimír
|4 aut
|9 659186
|
| 700 |
1 |
|
|a Čepan, Ľuboš
|4 aut
|9 43258
|
| 999 |
|
|
|c 1162393
|d 1164323
|
| 952 |
|
|
|a SNK
|b SNK
|y PREZ
|7 0
|p 17A0453998
|o snkOSC 22874
|i snk2005/1141
|8 0
|0 0
|1 0
|4 0
|d 2005-01-25
|l 0
|r 2026-02-24 20:37:55
|w 2026-02-24
|
| 952 |
|
|
|a SNK
|b SNK
|y VYP
|7 0
|p 17A0453909
|o snkOSC 22874 D1
|i snk2005/1142
|8 0
|0 0
|1 0
|4 0
|d 2005-01-25
|l 0
|r 2026-02-24 20:37:55
|w 2026-02-24
|